00609nam a22001457a 4500003000400000005001700004008004100021040000800062100004600070245020900116260002600325942001000351999001500361952008700376OSt20250910134731.0250910b |||||||| |||| 00| 0 eng d cKMU aMukuka, KelvineFisheries and Aquaculture aThe effects of the drological cycle and physico-chemical factors on the body condition of Marcusenius Altisa Mbesi ( Kramer at AL. 2007) a small mormyrid species of the upper Zambezi river/cKelvin Mukuka aChinsali:bKMU,c2014 cPRn0 c2108d2108 001040708REFaCPLbCPLcREFd2025-09-10l0r2025-09-10 00:00:00w2025-09-10yPR